LEADER 01071nam a2200289 u 4500 001 000000061407 003 CaOOAMICUS 005 20070226121024.0 008 010906s1994 it u000 u ita u 020 $a8839927840 035 $a10901651 040 $aPUL(R)$bita 041 1 $aita$hfre 100 1 $aQuéré-Jaulmes, France.$0(OLS)http://pul/name/6806 240 10$aAmour, la couple.$lItaliano.$0(OLS)http://pul/title/81985 245 12$aL'amore, la coppia /$cFrance Quéré. 260 $aBrescia :$bQueriniana,$cc1994. 300 $a122 p. ;$c21 cm 504 $aBibliografia: p. [115]-119. 650 4$aAmore.$0(OLS)http://pul/subject/6902 850 $aPUL 852 $aPUL$W1$xDP1 Cons. Gen., Altre Classi 1$y22$m43 C 169$j80014$nBK-PRI$b $qStampati$B80014$CPULBib$Z2$F80014 $H $81 941 1 $a8 961 $aINV: 71450 996 $6020$a8839927840$9(OLS)http://pul/number/79579 996 $6245$aL'amore, la coppia$9(OLS)http://pul/title/81986 996 $6260$aBrescia :$bQueriniana$9(OLS)http://pul/publisher/47906 LEADER 01121nam a2200229 u 4500 001 000000024318 003 CaOOAMICUS 005 20070226111334.0 008 070226s1924 it af u000 u lat u 035 $a10615490 040 $aPUL(R)$bita 100 1 $aRuffini, Ernesto,$ccardinale,$d1888-1967.$0(OLS)http://pul/name/20226 245 10$aChronologia Veteris et Novi Testamenti in aeram nostram collata /$cSac. E. Ruffini. 260 $a[ Roma :$bCasa editrice nazionale,$c1924 ] 300 $a220 p., [20] c. di tav. :$bill. ;$c26 cm 630 04$aBiblia$xCronologia.$0(OLS)http://pul/subject/9947 850 $aPUL 852 $aPUL$W1$xDP1 Fondo Cecchetti$y53$m264 C 34$j34059$nBK-PRI$b $qFondi$B34059$CPULBib$Z2$F34059 $H $81 852 $aPUL$W1$xDP1 Fondo Cecchetti$y53$m265 L 35$j34060$nBK-PRI$b $qFondi$B34060$CPULBib$Z2$F34060 $HPUL1410 $81 941 1 $a1 996 $6245$aChronologia Veteris et Novi Testamenti in aeram nostram collata$9(OLS)http://pul/title/33682 996 $6260$a[ Roma :$bCasa editrice nazionale$9(OLS)http://pul/publisher/58390